Central Library OPAC University of Rajshahi

Supplement to The law and practice of industrial disputes in Pakistan / (Record no. 7770)

MARC details
000 -LEADER
fixed length control field 00823cam a2200241u 4500
001 - CONTROL NUMBER
control field 7770
003 - CONTROL NUMBER IDENTIFIER
rucl marc code BD-RjUL
005 - DATE AND TIME OF LATEST TRANSACTION
control field 20211208234453.0
008 - FIXED-LENGTH DATA ELEMENTS--GENERAL INFORMATION
fixed length control field 160730s1966 pk | 000 0 eng
020 ## - INTERNATIONAL STANDARD BOOK NUMBER
Terms of availability : PRs. 3.00
035 ## - SYSTEM CONTROL NUMBER
System control number (BD-RjUL)7814
040 ## - CATALOGING SOURCE
Original cataloging agency DLC
Transcribing agency CarP
Modifying agency DLC
Language of cataloging eng
041 ## - LANGUAGE CODE
Language code of text/sound track or separate title eng
082 ## - DEWEY DECIMAL CLASSIFICATION NUMBER
Edition number 23
Classification number 331.89143
Author mark and year HUS 1966
100 1# - MAIN ENTRY--PERSONAL NAME
Personal name Hussain, Ch. Altaf
9 (RLIN) 232730
245 04 - TITLE STATEMENT
Title Supplement to The law and practice of industrial disputes in Pakistan /
Statement of responsibility, etc. By Ch. Altaf Hussain.
260 ## - PUBLICATION, DISTRIBUTION, ETC. (IMPRINT)
Place of publication, distribution, etc. Lahore :
Name of publisher, distributor, etc. Pakistan Law Times Publications,
Date of publication, distribution, etc. 1966
300 ## - PHYSICAL DESCRIPTION
Pagination v. ;
Size 25 cm.
505 ## - FORMATTED CONTENTS NOTE
Formatted contents note Vol. 2, Trade Unions Act,1926, (as amended and adapted up to date with Case-Law upto June, 1966 ) --
650 ## - SUBJECT ADDED ENTRY--TOPICAL TERM
Topical term or geographic name as entry element Arbitration, Industrial
Geographic subdivision Pakistan
9 (RLIN) 232731
Topical term or geographic name as entry element Labor courts
Geographic subdivision Pakistan.
9 (RLIN) 232732
942 ## - ADDED ENTRY ELEMENTS (KOHA)
Source of classification or shelving scheme Dewey Decimal Classification
Koha item type Rare Books
Holdings
Lost status Source of classification or shelving scheme Damaged status Not for loan Collection code Permanent Location Current Location Shelving location Date acquired Total Checkouts Full call number Date last seen Copy number Koha item type
  Dewey Decimal Classification   Not For Loan Rare Books Central Library, University of Rajshahi Central Library, University of Rajshahi Rare Book Section 26/08/2019   RA 331.89143 HUS V-2(Suppl.) 1966 26/08/2019 C-1 Rare Books